| 000 | 00751nam a22002537a 4500 | ||
|---|---|---|---|
| 999 |
_c14756 _d14756 |
||
| 003 | PK-NaQUE | ||
| 005 | 20260306113141.0 | ||
| 008 | 260306b ||||| |||| 00| 0 eng d | ||
| 020 | _a0071003487 (paperback) | ||
| 020 | _a9780071003483 (paperback) | ||
| 040 | _cQUEST | ||
| 082 | _a001.642TRE | ||
| 100 | _aTremblay, Jean-Paul | ||
| 245 | _aAn Introduction to Computer Science: an algorithmic approach | ||
| 250 | _a2nd edition. | ||
| 260 |
_aLondon: _bMcGraw Hill, _c1989. |
||
| 300 | _a426p. ; | ||
| 650 | _aComputer programming | ||
| 650 | _aData structures (Computer science) | ||
| 650 | _aComputer algorithms | ||
| 650 | _aAlgorithms | ||
| 856 |
_uhttp://10.10.170.122:8080/browse/book/27524 _yDownload eBook |
||
| 942 |
_cBK _2ddc |
||